000 00440nam a2200181Ia 4500
001 22342
005 20260414150824.0
008 260414t2011||||xx |||||||||||||| ||spa||
041 _aESP
082 _a621.3192
_bL87
100 _aLópez Ferreras, Francisco
_eAUT
245 0 _aAnálisis de circuitos lineales
_b
260 _c2011
300 _a763 páginas :
_c23 cm.
650 _aTCA
654 _aCET
942 _cLIB
_dJUS
_fJUS
_2ddc
_n
999 _c22342
_d22342